[Event "St Chely d'Aubrac op 11th"]
[Site "St Chely d'Aubrac"]
[Date "2011.07.14"]
[Round "7"]
[White "Lagunes, Jean Renaud"]
[Black "Costa, Matthieu"]
[Result "1-0"]
[WhiteElo "2116"]
[BlackElo "1566"]
[PlyCount "101"]
[EventDate "2011.07.09"]
[EventType "swiss"]
[EventRounds "7"]
[EventCountry "FRA"]
[SourceTitle "CBM 143 Extra"]
[Source "ChessBase"]
[SourceDate "2011.08.29"]
[SourceVersion "1"]
[SourceVersionDate "2011.08.29"]
[SourceQuality "1"]

1. e4 e5 2. Nf3 Nc6 3. Bb5 Nf6 4. Qe2 d6 5. h3 Bd7 6. c3 a6 7. Ba4 Na5 8. Bc2 g6 9. 0-0 Bg7 10. Rd1 0-0 11. d3 Re8 12. Nbd2 Qe7 13. Nf1 Nc6 14. Bg5 Nd8 15. Bb3 Be6 16. c4 b5 17. Ne3 c6 18. Ng4 Bxg4 19. hxg4 Ne6 20. cxb5 cxb5 21. Rac1 Rac8 22. Qd2 Qd7 23. Bxe6 Qxe6 24. Bxf6 Qxf6 25. Qa5 d5 26. g5 Qe6 27. b3 dxe4 28. dxe4 Rxc1 29. Rxc1 Rc8 30. Rxc8+ Qxc8 31. g3 Kf8 32. Qb4+ Ke8 33. Qd6 Qe6 34. Qb8+ Ke7 35. Qg8 Qg4 36. Kg2 Bf8 37. Qxf7+ Kxf7 38. Nxe5+ Ke6 39. Nxg4 Bg7 40. f4 a5 41. Kf3 Kd6 42. Nf6 Kc5 43. e5 Kb4 44. Nd7 Ka3 45. e6 Kxa2 46. e7 Kxb3 47. e8Q a4 48. Qg8+ Kc2 49. Qxg7 a3 50. Ke2 Kb1 51. Qc3 1-0

[Event "St Chely d'Aubrac op 11th"]
[Site "St Chely d'Aubrac"]
[Date "2011.07.10"]
[Round "2"]
[White "Meyer, Eric"]
[Black "Costa, Matthieu"]
[Result "1/2-1/2"]
[WhiteElo "1708"]
[BlackElo "1566"]
[PlyCount "89"]
[EventDate "2011.07.09"]
[EventType "swiss"]
[EventRounds "7"]
[EventCountry "FRA"]
[SourceTitle "CBM 143 Extra"]
[Source "ChessBase"]
[SourceDate "2011.08.29"]
[SourceVersion "1"]
[SourceVersionDate "2011.08.29"]
[SourceQuality "1"]

1. d4 d5 2. c4 e6 3. Nf3 Nc6 4. Nc3 Nf6 5. Bg5 Be7 6. e3 0-0 7. a3 b6 8. Qc2 Ba6 9. b4 Bxc4 10. Bxc4 dxc4 11. Qe2 Nd5 12. Bxe7 Ncxe7 13. Qxc4 Nxc3 14. Qxc3 Nd5 15. Qc4 a5 16. b5 Rc8 17. 0-0 Nf6 18. Rfc1 Qd5 19. Qc6 Rfd8 20. Ne5 Rd6 21. Qxd5 Rxd5 22. Nc6 Re8 23. Ra2 Rxb5 24. Rac2 Rb3 25. a4 Nd5 26. Rc4 Nb4 27. Nxb4 Rxb4 28. Kf1 Rxc4 29. Rxc4 Rc8 30. Ke2 Kf8 31. Kd3 Ke7 32. e4 Kd7 33. e5 c5 34. dxc5 Rxc5 35. Rxc5 bxc5 36. Kc4 Kc6 37. f4 g6 38. h3 h6 39. g3 h5 40. g4 hxg4 41. hxg4 Kb6 42. Kb3 Kc6 43. Kc4 Kb6 44. Kb3 Kc6 45. Kc4 1/2-1/2